00557caa a22002052a 4500001000900000003001100009008004700020092001500067100002500082700002500107245010400132245002000236300001000256440000600266440000600272260001300278650003600291942000900327999001500336 002691 AR-FADEU 311216n############xxu####################dd aPP(340)INV aGialdino, Rolando E. aMercedes de, Urioste bLa libertad de expresión comercial en la jurisprudencia de la Suprema Corte de los Estados Unidos aInvestigaciones a43-46 v1 n2 cdic.1996 aLIBERTAD DE EXPRESION COMERCIAL cPPGR c5469d5469